00325nam a2200133Ia 450000500170000000800410001702000150005808200130007310000140008624500280010026000400012830000130016865000100018120250411060348.0240331s9999 xx 000 0 und d a9558903027 bPOTa891 aPoter.E.H 0aSathuta bedana poliyana aDehiwalabBaby bee Publishersc2003 a218 p ., aNovel